=LDR 00000nam 2200000 4500 =001 INLIS000000000001387 =005 20210216013219 =035 ##$$a 0010-061300000001387 =008 210216################g##########0#ind## =041 ##$$a Ind =082 ##$$a 372 =090 ##$$a 372.218, Pat-p =100 ##$$a Patmonodewo, Sumiatri =245 1#$$a Pendidikan anak pra sekolah /$c Dr. Soemiarti Patmonodewo =260 ##$$a Jakarta :$b Rineka Cipta,$c 2003 =300 ##$$a x,181 hlm. ; $c 21 x 15 cm. =650 #4$$a Pendidikan Dasar - TK =850 ##$$a NBPNMAT =020 ##$$a 979-518-828-3 =084 ##$$a 372 PAT p =990 ##$$a 153.337/Pro.2000 =990 ##$$a 153.338/Pro.2000 =990 ##$$a 153.339/Pro.2000 =990 ##$$a 143.340/Pro.2000 =990 ##$$a 0001/BPAP-NTB/20142014 =990 ##$$a 153.337/Pro-2000 =990 ##$$a 153.338/Pro.2000 =990 ##$$a 153.339/Pro.2000 =990 ##$$a 143.340/Pro.2000 =990 ##$$a 0001/BPAP-NTB/20142014 =990 ##$$a 153.337/Pro-2000 =990 ##$$a 153.338/Pro.2000 =990 ##$$a 153.339/Pro.2000 =990 ##$$a 143.340/Pro.2000 =990 ##$$a 0001/BPAP-NTB/20142014 =990 ##$$a 153.338/Pro-2000 =990 ##$$a 153.337/Pro-2000 =990 ##$$a 153.339/Pro.2000 =990 ##$$a 143.340/Pro.2000 =990 ##$$a 0001/BPAP-NTB/20142014 =990 ##$$a 153.339/Pro-2000 =990 ##$$a 153.337/Pro-2000 =990 ##$$a 153.338/Pro-2000 =990 ##$$a 143.340/Pro.2000 =990 ##$$a 0001/BPAP-NTB/20142014 =990 ##$$a 143.340/Pro-2000 =990 ##$$a 153.337/Pro-2000 =990 ##$$a 153.338/Pro-2000 =990 ##$$a 153.339/Pro-2000 =990 ##$$a 0001/BPAP-NTB/20142014 =990 ##$$a 106066154 =990 ##$$a 153.337/Pro-2000 =990 ##$$a 153.338/Pro-2000 =990 ##$$a 153.339/Pro-2000 =990 ##$$a 143.340/Pro-2000 =990 ##$$a 23162316 =990 ##$$a 10606614 =990 ##$$a 153.337/Pro-2000 =990 ##$$a 153.338/Pro-2000 =990 ##$$a 153.339/Pro-2000 =990 ##$$a 143.340/Pro-2000 =990 ##$$a 106066154